000 00439nam a22001697a 4500
005 20251126144740.0
008 251126b |||||||| |||| 00| 0 eng d
020 _a978-1-85800-682-6
100 _aDOWLING, STEPHEN
245 _aTHE COMMERCIAL COURT
250 _a2ND ED
260 _aDUBLIN
_bTHOMSON REUTERS
_c2012
300 _aLI, 680P.
500 _aINCLUDES INDEX
650 _a1.COMMERCIAL COURTS - IRELAND
942 _2lcc
_cBK
999 _c216296
_d216296